[Event "AUTO-ADV-2105"]
[Site "http://www.queenalice.com/game.php?id=916115"]
[Date "2011.3.22"]
[Round "1"]
[White "Cassiox"]
[Black "SubRoger"]
[Result "0-1"]
[WhiteElo "1884"]
[BlackElo "2028"]

1. e4 c5 2. Nf3 d6 3. d4 cxd4 4. Nxd4 e5 5. Bb5+ Nd7 6. Nb3 a6 7. Bc4 Ngf6 8.
Nc3 Be7 9. f4 O-O 10. f5 b5 11. Bd5 Nxd5 12. Nxd5 Bb7 13. O-O Nf6 14. Nxf6+ Bxf6
15. Re1 Rc8 16. Nd2 Qb6+ 17. Kf1 d5 18. c3 Rfd8 19. Qb3 Bg5 20. Nf3 Bxc1 21.
Raxc1 dxe4 22. Nxe5 Qf6 23. Ng4 Qxf5+ 24. Nf2 Rd2 25. Re2 Rcd8 26. Ke1 e3 27.
Nd1 Bxg2 0-1

[Event "AUTO-ADV-2105"]
[Site "http://www.queenalice.com/game.php?id=916122"]
[Date "2011.3.22"]
[Round "1"]
[White "Cassiox"]
[Black "marison"]
[Result "1-0"]
[WhiteElo "1925"]
[BlackElo "1650"]

1. e4 e5 2. Nf3 Nc6 3. Bb5 Qf6 4. c3 a6 5. Ba4 Bc5 6. b4 Bb6 7. Bb3 d6 8. d3 h6
9. Nbd2 Nge7 10. a4 a5 11. b5 O-O 12. bxc6 Nxc6 13. O-O Be6 14. Nc4 Ba7 15. Rb1
Bc5 16. Ne3 Ne7 17. Bxe6 Qxe6 18. Rxb7 Bb6 19. Nc4 Rab8 20. Rxb8 Rxb8 21. Be3 c5
22. Qc2 Bc7 23. Rb1 Ra8 24. Nb6 Ra6 25. Nc4 Ng6 26. Rb7 Qc8 27. Qb3 Qd8 28. Qb5
Ra8 29. Nb6 Bxb6 30. Rxb6 Qc7 31. d4 cxd4 32. cxd4 Kh7 33. dxe5 dxe5 34. g3 Qd8
35. Nxe5 Nxe5 36. Qxe5 Qd1+ 37. Kg2 Qxa4 38. Rb7 Qc4 39. Qf5+ Kg8 40. Qd5 Qxd5
41. exd5 Kf8 42. d6 a4 43. Bb6 a3 44. d7 a2 45. Ra7 1-0

[Event "AUTO-ADV-2105"]
[Site "http://www.queenalice.com/game.php?id=916123"]
[Date "2011.3.22"]
[Round "1"]
[White "marison"]
[Black "Cassiox"]
[Result "0-1"]
[WhiteElo "1684"]
[BlackElo "1904"]

1. e4 c5 2. d4 cxd4 3. Qxd4 Nc6 4. Qc3 e5 5. Nf3 f6 6. Bc4 Bb4 7. Bd2 Bxc3 8.
Bxc3 Nge7 9. Na3 d5 10. exd5 Nxd5 11. O-O-O Be6 12. Bd3 Qe7 13. h3 Nxc3 14. Rd2
Nxa2+ 0-1

[Event "Challenge"]
[Site "http://www.queenalice.com/game.php?id=918448"]
[Date "2011.3.28"]
[Round "-"]
[White "Saintsalles"]
[Black "Cassiox"]
[Result "0-1"]
[WhiteElo "1680"]
[BlackElo "1968"]

1. e4 c5 2. d3 e6 3. Bf4 Nc6 4. Nc3 b6 5. Nf3 Bb7 6. Be2 a6 7. e5 Nge7 8. Bg5
Qc7 9. Bf4 h6 10. O-O Nd4 11. Nxd4 cxd4 12. Nb1 Nd5 13. Bg3 Be7 14. Nd2 Nb4 15.
a3 Nxc2 16. Rc1 Rc8 17. Nc4 b5 18. Rxc2 bxc4 19. Rxc4 Qb6 20. Rxc8+ Bxc8 21. Qc2
O-O 22. Rb1 Bb7 23. b4 d5 24. exd6 Bxd6 25. Bxd6 Qxd6 26. Qd1 Qe7 27. Bf3 Rc8
28. Bxb7 Qxb7 29. h3 Rc3 30. a4 Qd5 31. b5 axb5 32. Rxb5 Qa2 33. Rb8+ Kh7 34.
Rd8 e5 35. Ra8 Rc2 36. Qf3 Rd2 37. Qe4+ g6 38. Qf3 Qb3 39. Ra7 Kg7 40. Rb7 Qd1+
41. Qxd1 Rxd1+ 42. Kh2 Rxd3 43. g4 Ra3 44. Rb4 d3 45. Re4 d2 46. Rxe5 d1=Q 47.
Re4 Qf1 48. Rf4 Rxh3# 0-1

[Event "Challenge"]
[Site "http://www.queenalice.com/game.php?id=918449"]
[Date "2011.3.28"]
[Round "-"]
[White "Cassiox"]
[Black "Saintsalles"]
[Result "0-1"]
[WhiteElo "1929"]
[BlackElo "1593"]

1. e4 e5 2. Nf3 d6 3. d4 exd4 4. Nxd4 Qf6 5. Nc3 Qd8 6. Bc4 Bd7 7. Qf3 Nf6 8.
Bg5 Be7 9. Nf5 Bxf5 10. Qxf5 Nbd7 11. Nd5 c6 12. Nxf6+ Bxf6 13. Bxf6 Nxf6 14.
O-O g6 15. Qf3 O-O 16. Rad1 Re8 17. Rfe1 b5 18. Bb3 Re5 19. Qc3 Qc7 20. f4 Rxe4
21. Rxe4 Nxe4 22. Qf3 Re8 23. Re1 d5 24. Qg4 Kf8 25. f5 Qb6+ 0-1

[Event "Cassiox"]
[Site "http://www.queenalice.com/game.php?id=922678"]
[Date "2011.4.6"]
[Round "-"]
[White "jhonatansouza"]
[Black "Cassiox"]
[Result "0-1"]
[WhiteElo "1559"]
[BlackElo "1922"]

1. e4 c5 2. Bc4 e6 3. e5 Nc6 4. Nf3 Nge7 5. a3 Ng6 6. c3 a6 7. d4 b5 8. Bd3 Bb7
9. O-O d6 10. Bg5 Be7 11. Bxg6 hxg6 12. Qd2 Bxg5 13. Nxg5 dxe5 14. d5 Qxd5 15.
Qe2 Nd4 16. cxd4 Qxg2# 0-1

[Event "Cassiox"]
[Site "http://www.queenalice.com/game.php?id=922679"]
[Date "2011.4.6"]
[Round "-"]
[White "Cassiox"]
[Black "jhonatansouza"]
[Result "1-0"]
[WhiteElo "1934"]
[BlackElo "1463"]

1. e4 e5 2. Nf3 Nc6 3. Bb5 a6 4. Ba4 b5 5. Bb3 Nf6 6. O-O Na5 7. Re1 Bc5 8. Nxe5
d5 9. d4 Bb6 10. exd5 O-O 11. c3 c6 12. Nxc6 Qd6 13. Nxa5 Bxa5 14. Nd2 Ng4 15.
Nf3 Bf5 16. h3 Nh6 17. Bxh6 Qxh6 18. Qd2 Qg6 19. Ne5 1-0

[Event "Challenge"]
[Site "http://www.queenalice.com/game.php?id=933267"]
[Date "2011.5.2"]
[Round "-"]
[White "filomenos"]
[Black "Cassiox"]
[Result "0-1"]
[WhiteElo "1787"]
[BlackElo "1972"]

1. d4 d5 2. g3 g6 3. Bg2 Bg7 4. Nf3 Nf6 5. Bf4 O-O 6. c3 Re8 7. O-O c6 8. Bxb8
Rxb8 9. Nbd2 Qb6 10. b3 Ne4 11. Nxe4 dxe4 12. Nd2 f5 13. f3 e3 14. Nc4 Qc7 15.
Nxe3 e5 16. Rc1 exd4 17. Nc2 dxc3 18. Na3 Be6 19. Nb1 Qa5 20. Rc2 Rbd8 21. Qc1
Rd7 22. Nxc3 Bxc3 23. Rxc3 Qxa2 24. b4 Qxe2 25. Re3 Qb5 26. Qb2 Rde7 27. Rfe1
Qb6 28. Kh1 c5 29. b5 Qd6 30. f4 b6 31. Qe2 Kf7 32. Bf3 Bd5 33. Bxd5+ Qxd5+ 34.
Kg1 Rxe3 0-1

[Event "Challenge"]
[Site "http://www.queenalice.com/game.php?id=933271"]
[Date "2011.5.2"]
[Round "-"]
[White "Cassiox"]
[Black "filomenos"]
[Result "1-0"]
[WhiteElo "1941"]
[BlackElo "1832"]

1. e4 d5 2. exd5 Qxd5 3. Nf3 Qe6+ 4. Qe2 Qxe2+ 5. Bxe2 c6 6. O-O g6 7. d4 Bg7 8.
Nc3 Nf6 9. b3 Bf5 10. Bd3 Bxd3 11. cxd3 O-O 12. Re1 Re8 13. Bb2 Nbd7 14. Re2 Nd5
15. Nxd5 cxd5 16. Rc1 Rac8 17. Rxc8 Rxc8 18. a3 e6 19. h3 b5 20. Ne5 Nb6 21. Re1
Rc2 22. Bc1 Rc3 23. b4 Bxe5 24. dxe5 Rxd3 25. Bh6 Nc4 26. a4 Rb3 27. axb5 Rxb4
28. Ra1 Rxb5 29. Rxa7 Rb8 30. f4 Ne3 31. Kf2 Nf5 32. Bg5 Nd4 33. Ke3 Nf5+ 34.
Kd3 h6 35. Bf6 Ng7 36. Be7 Nf5 37. Bd6 Nxd6 38. exd6 Rd8 39. Ra6 Kg7 40. Kd4 Kf6
41. g4 Rd7 42. Kc5 g5 43. fxg5+ hxg5 44. Kc6 Rd8 45. Kc7 Rh8 46. d7 d4 47. d8=Q+
Rxd8 48. Kxd8 Ke5 49. Ke7 d3 50. Rd6 Ke4 51. Kxf7 e5 52. Kf6 Ke3 53. Kxe5 d2 54.
Kf5 Ke2 55. Kxg5 d1=Q 56. Rxd1 Kxd1 57. h4 Kd2 58. h5 1-0

[Event "AUTO-OPEN-2356"]
[Site "http://www.queenalice.com/game.php?id=935632"]
[Date "2011.5.8"]
[Round "1"]
[White "kronsteen"]
[Black "Cassiox"]
[Result "1-0"]
[WhiteElo "2222"]
[BlackElo "1930"]

1. e4 e6 2. d4 d5 3. Nc3 Nf6 4. e5 Nfd7 5. f4 c5 6. Nf3 Nc6 7. Be3 Qb6 8. Na4
Qb4+ 9. c3 Qa5 10. dxc5 Bxc5 11. Nxc5 Nxc5 12. b4 Nxb4 13. cxb4 Qxb4+ 14. Qd2
Qxd2+ 15. Nxd2 b6 16. Bb5+ Nd7 17. Rc1 h6 18. O-O Ke7 19. Rc2 a6 20. Bxd7 Bxd7
21. Bxb6 1-0

[Event "AUTO-OPEN-2356"]
[Site "http://www.queenalice.com/game.php?id=935633"]
[Date "2011.5.8"]
[Round "1"]
[White "Cassiox"]
[Black "kronsteen"]
[Result "0-1"]
[WhiteElo "1926"]
[BlackElo "2238"]

1. e4 e5 2. Nf3 Nc6 3. Nc3 Nf6 4. Bb5 Bb4 5. d3 d6 6. O-O O-O 7. Bg5 Bxc3 8.
bxc3 Qe7 9. Nd2 h6 10. Bh4 Nd8 11. Rb1 Ne6 12. h3 b6 13. Qf3 Nf4 14. Rfd1 Bb7
15. Nf1 Qe6 16. Ne3 d5 17. Bxf6 Qxf6 18. Ng4 Qe6 19. Ba4 dxe4 20. dxe4 c5 21.
Bb3 c4 22. Ba4 f5 23. Bd7 Qe7 24. Ne3 Bxe4 0-1

[Event "AUTO-OPEN-2356"]
[Site "http://www.queenalice.com/game.php?id=935652"]
[Date "2011.5.8"]
[Round "1"]
[White "nick_sallo"]
[Black "Cassiox"]
[Result "0-1"]
[WhiteElo "1809"]
[BlackElo "1958"]

1. e4 c5 2. Bc4 e6 3. b3 d5 4. exd5 exd5 5. Be2 Nf6 6. Nf3 Nc6 7. d4 Be6 8. dxc5
Bxc5 9. Bb2 O-O 10. O-O Re8 11. Bb5 Qc7 12. Bxf6 gxf6 13. Nd4 Bxd4 14. Bxc6 Qxc6
15. Qxd4 Bf5 16. Nd2 Rad8 17. Qxa7 Qxc2 18. Nf3 Qc6 19. Nd4 Qc8 20. Qb6 Bg6 21.
Qxf6 Re4 22. Nb5 Qd7 23. Qb6 Rb4 24. a4 Bd3 25. Rfc1 Bxb5 26. axb5 Rxb5 27. Qd4
Rxb3 28. Rc3 Rxc3 29. Qxc3 Qb5 30. h3 d4 31. Qc1 d3 32. Qg5+ Qxg5 33. Re1 d2 34.
Kh2 dxe1=Q 35. g4 Qxf2+ 36. Kh1 Qc1# 0-1

[Event "AUTO-OPEN-2356"]
[Site "http://www.queenalice.com/game.php?id=935653"]
[Date "2011.5.8"]
[Round "1"]
[White "Cassiox"]
[Black "nick_sallo"]
[Result "0-1"]
[WhiteElo "1958"]
[BlackElo "1927"]

1. e4 e5 2. Nf3 Nc6 3. Bb5 Nd4 4. Nxd4 exd4 5. b3 Bc5 6. Bb2 Qh4 7. O-O Nf6 8.
Qf3 O-O 9. d3 c6 10. b4 Bxb4 11. Bc4 Ng4 12. h3 Ne5 13. Qg3 Qxg3 14. fxg3 b5 15.
Bb3 c5 16. a3 Ba5 17. Bd5 Rb8 18. Bc1 Bb7 19. Bxb7 Rxb7 20. Nd2 Bc3 21. Rb1 b4
22. Nf3 d6 23. Bf4 f6 24. Kh2 Rb6 25. Nd2 g5 26. Bxe5 Bxd2 27. Bxf6 bxa3 28. Ra1
Ra6 29. Ra2 d5 30. e5 c4 31. dxc4 dxc4 32. h4 gxh4 33. gxh4 Bc3 34. g4 d3 35.
cxd3 cxd3 36. g5 Bxe5+ 37. Kg2 Bxf6 38. gxf6 Raxf6 39. Rxf6 Rxf6 40. Rxa3 d2 41.
Rd3 a5 42. Rxd2 a4 43. Ra2 Rf4 44. Kg3 Rb4 45. Kh3 Rb3+ 46. Kg4 a3 47. h5 Kg7
48. Kh4 Rb4+ 49. Kg5 Rb5+ 50. Kg4 Ra5 51. Kh4 Kf6 52. Kg4 Ra4+ 53. Kf3 Kg5 54.
Ke3 Kxh5 55. Kd3 Kg5 0-1

[Event "AUTO-OPEN-2356"]
[Site "http://www.queenalice.com/game.php?id=935662"]
[Date "2011.5.8"]
[Round "1"]
[White "salso"]
[Black "Cassiox"]
[Result "1-0"]
[WhiteElo "2106"]
[BlackElo "1968"]

1. d4 d5 2. c4 c6 3. Nf3 Nf6 4. Nc3 Bf5 5. Qb3 e6 6. Qxb7 Nbd7 7. cxd5 cxd5 8.
Bg5 h6 9. Bf4 Be7 10. e3 O-O 11. Be2 Qa5 12. Qb5 Qb6 13. Qxb6 Nxb6 14. O-O Rfc8
15. Ne5 Bb4 16. Rfc1 Bxc3 17. Rxc3 Rxc3 18. bxc3 Ne4 19. Bd3 Rc8 20. Bxe4 Bxe4
21. f3 Bh7 22. Rc1 h5 23. g4 f6 24. gxh5 fxe5 25. Bxe5 Rf8 26. Bf4 Nc4 27. h6 g5
28. Bxg5 Rxf3 29. Re1 Rf5 30. Bf4 Nd2 31. Re2 Ne4 32. Rb2 Bg6 33. Rb8+ Kh7 34.
a4 Nxc3 35. a5 Ne2+ 36. Kf2 Nxf4 37. exf4 Rxf4+ 38. Ke3 Rh4 39. Rb7+ Kg8 40.
Rxa7 Rxh6 41. a6 Be8 42. Ra8 Kf7 43. a7 Rxh2 44. Rxe8 1-0

[Event "AUTO-OPEN-2356"]
[Site "http://www.queenalice.com/game.php?id=935663"]
[Date "2011.5.8"]
[Round "1"]
[White "Cassiox"]
[Black "salso"]
[Result "1-0"]
[WhiteElo "1911"]
[BlackElo "2083"]

1. e4 e5 2. Nf3 d6 3. d4 Nd7 4. c3 c6 5. Bd3 Be7 6. Nbd2 Ngf6 7. O-O Qc7 8. Re1
Nf8 9. Nf1 Bg4 10. h3 Bh5 11. Ng3 Bg6 12. b3 h5 13. Nf5 Bxf5 14. exf5 O-O-O 15.
Ng5 e4 16. Nxf7 exd3 17. Nxh8 Nd5 18. Qxd3 Bf6 19. Ng6 Nh7 20. Nf4 Ne7 21. Ne6
Qa5 22. Nxd8 Kxd8 23. Qg3 Nxf5 24. Qg6 1-0

[Event "AUTO-ADV-2007"]
[Site "http://www.queenalice.com/game.php?id=945375"]
[Date "2011.6.2"]
[Round "2"]
[White "serginh0w"]
[Black "Cassiox"]
[Result "1-0"]
[WhiteElo "2033"]
[BlackElo "1923"]

1. e4 e6 2. d4 d5 3. Nc3 Bb4 4. e5 Ne7 5. a3 Ba5 6. b4 Bb6 7. Qg4 Ng6 8. Nf3 a5
9. Bb2 axb4 10. axb4 Rxa1+ 11. Bxa1 Bd7 12. Bd3 Qe7 13. h4 O-O 14. h5 Nh8 15.
Bxh7+ Kxh7 16. h6 g6 17. Ng5+ Kg8 18. h7+ Kg7 19. Qh4 1-0

[Event "AUTO-ADV-2007"]
[Site "http://www.queenalice.com/game.php?id=945376"]
[Date "2011.6.2"]
[Round "2"]
[White "Cassiox"]
[Black "serginh0w"]
[Result "0-1"]
[WhiteElo "1936"]
[BlackElo "2020"]

1. e4 c5 2. Nf3 Nc6 3. d4 cxd4 4. Nxd4 g6 5. Nc3 Bg7 6. Be3 Nf6 7. Bc4 O-O 8. f3
Qb6 9. Bb3 Ng4 10. fxg4 Nxd4 11. Bxd4 Bxd4 12. Nd5 Qa5+ 13. c3 Bg7 14. Nxe7+ Kh8
15. O-O Qc5+ 0-1

[Event "AUTO-ADV-2007"]
[Site "http://www.queenalice.com/game.php?id=945381"]
[Date "2011.6.2"]
[Round "2"]
[White "Artking"]
[Black "Cassiox"]
[Result "1-0"]
[WhiteElo "1898"]
[BlackElo "1977"]

1. d4 d5 2. c4 Nf6 3. Nf3 g6 4. e3 Bf5 5. Nc3 Bg7 6. b3 c6 7. Bb2 O-O 8. Bd3
Bxd3 9. Qxd3 Re8 10. O-O Nbd7 11. Rac1 dxc4 12. bxc4 Qc7 13. e4 Rad8 14. e5 Nh5
15. Ne4 Nf4 16. Qd2 Ne6 17. d5 cxd5 18. cxd5 Qb8 19. dxe6 Nxe5 20. exf7+ Nxf7
21. Qe2 Bxb2 22. Qxb2 Nd6 23. Qb3+ Nf7 24. Nfg5 Rf8 25. Nxf7 Rxf7 26. Ng5 Rf8
27. Rc3 Kg7 28. Nxf7 Rxf7 29. Rfc1 Qf4 30. R3c2 b6 31. Qb2+ 1-0

[Event "AUTO-ADV-2007"]
[Site "http://www.queenalice.com/game.php?id=945382"]
[Date "2011.6.2"]
[Round "2"]
[White "Cassiox"]
[Black "Artking"]
[Result "0-1"]
[WhiteElo "1924"]
[BlackElo "2011"]

1. e4 c5 2. Nf3 a6 3. c3 Nc6 4. d4 cxd4 5. Nxd4 d6 6. g3 Nf6 7. Bg2 e5 8. Nb3
Be6 9. O-O Qc7 10. Be3 Rd8 11. N1d2 Be7 12. Qe2 O-O 13. Rad1 Qc8 14. f4 Bg4 15.
Bf3 Bh3 16. Rf2 h5 17. Bxh5 Nxh5 18. Qxh5 Bg4 0-1

[Event "AUTO-OPEN-2237"]
[Site "http://www.queenalice.com/game.php?id=956881"]
[Date "2011.7.4"]
[Round "2"]
[White "muppyman"]
[Black "Cassiox"]
[Result "1-0"]
[WhiteElo "2441"]
[BlackElo "1981"]

1. e4 e6 2. d4 d5 3. e5 c5 4. c3 Nc6 5. Nf3 c4 6. b3 cxb3 7. axb3 Nge7 8. Bd3
Ng6 9. h4 Bd7 10. Na3 a6 11. h5 Nge7 12. Nc2 Qb6 13. c4 Qxb3 14. c5 Nb4 15. Nxb4
Qxb4+ 16. Bd2 Qb2 17. O-O Nc6 18. Rb1 Qa2 19. Qc1 Rb8 20. Ra1 Qb3 21. Ra3 1-0

[Event "AUTO-OPEN-2237"]
[Site "http://www.queenalice.com/game.php?id=956882"]
[Date "2011.7.4"]
[Round "2"]
[White "Cassiox"]
[Black "muppyman"]
[Result "0-1"]
[WhiteElo "1979"]
[BlackElo "2450"]

1. e4 e6 2. d4 d5 3. exd5 exd5 4. Nf3 Nf6 5. Be3 Nc6 6. Nc3 Bd6 7. Bb5 O-O 8.
O-O a6 9. Bxc6 bxc6 10. a3 Re8 11. Qd2 h6 12. Rfe1 Bf5 13. Bxh6 gxh6 14. Qxh6
Rxe1+ 15. Rxe1 Nd7 16. Nh4 Bxc2 17. Re3 Qf6 18. Qh5 Qxd4 19. Nf3 Qg7 20. Nh4 d4
21. Nf5 Bxf5 0-1

[Event "AUTO-OPEN-2237"]
[Site "http://www.queenalice.com/game.php?id=956885"]
[Date "2011.7.4"]
[Round "2"]
[White "Fregapani"]
[Black "Cassiox"]
[Result "0-1"]
[WhiteElo "2269"]
[BlackElo "1939"]

1. e4 c5 2. Nf3 d6 3. d4 cxd4 4. Nxd4 Nf6 5. Nc3 a6 6. Be2 e5 7. Nb3 Be7 8. O-O
Nc6 9. Be3 Bd7 10. Nd5 O-O 11. Bb6 Qc8 12. Nxe7+ Nxe7 13. Qxd6 Ng6 14. Bd3 Bc6
0-1

[Event "AUTO-OPEN-2237"]
[Site "http://www.queenalice.com/game.php?id=956886"]
[Date "2011.7.4"]
[Round "2"]
[White "Cassiox"]
[Black "Fregapani"]
[Result "1-0"]
[WhiteElo "1909"]
[BlackElo "2304"]

1. e4 c5 2. Nf3 d6 3. d4 cxd4 4. Nxd4 Nf6 5. Nc3 a6 6. Be2 e6 7. Bg5 Be7 8. Qd2
O-O 9. Bxf6 Bxf6 10. O-O Qc7 11. Rad1 Rd8 12. f3 Nc6 13. Nxc6 1-0